000 00773nam a2200253 i 4500
005 20220316235617.0
008 121119s2003 mx gs 000 0 spa d
020 _a9682448654
040 _aCO-BoRNBP
_bspa
_cCO-BoRNBP
_erda
041 0 _aspa
082 0 4 _a618.928982
_bP68N
100 1 _aPowers, Michael D
_eautor
245 1 0 _aNiños autistas
_bguía para padres, terapeutas y educadores
_cMichael D. Powers
250 _aPrimera edición
264 1 _aMéxico
_bTrillas
_c2003
300 _a332 páginas
_c23 cm
336 _atexto
_btxt
_2rdacontent
337 _asin mediación
_bn
_2rdamedia
338 _avolumen
_bnc
_2rdacarrier
650 1 4 _aAutismo
_2LEMB
650 1 4 _aEducación especial
_2LEMB
650 1 4 _aNiños
_xCuidado e higiene
_2LEMB
942 _2ddc
_cBK
999 _c1535
_d1535